Sports Quiz

Random Sports or World Cup Quiz

World Cup Winners Quiz Stats

 Plays Quiz Updated Jul 15, 2018

Score 0/21 Timer 05:00
3 Plays Today
Year Winner % Correct
2014Germany
90.1%
2018France
89.7%
2006Italy
89.3%
2002Brazil
88%
1998France
85.5%
1930Uruguay
84.7%
1994Brazil
83.4%
1966England
79.2%
1970Brazil
78.2%
1958Brazil
75.8%
1934Italy
74.4%
Year Winner % Correct
1986Argentina
74.4%
1962Brazil
74.2%
1982Italy
72.2%
1978Argentina
71.5%
2010Spain
70.6%
1974West Germany
69.3%
1938Italy
68.6%
1990West Germany
68.4%
1950Uruguay
67%
1954West Germany
62.5%

You're not logged in!

Compare scores with friends on all Sporcle quizzes.
OR
Log In

Sporcle TV

Today on Sporcle TV


Watch our educational content, quiz creation guides, and fun videos on Sporcle TV.

Show Comments

Extras

Top Quizzes Today


Score Distribution

Your Account Isn't Verified!

In order to create a playlist on Sporcle, you need to verify the email address you used during registration. Go to your Sporcle Settings to finish the process.

Report this User

Report this user for behavior that violates our Community Guidelines.

Details: